| 000 | 00000nam##2200000za#4500 |
| 001 | 9.525759 |
| 003 | CaOODSP |
| 005 | 20220623094106 |
| 007 | ta |
| 008 | 150406|1995||||xxc||||| f|0| 0 fre|d |
| 020 | |z0-662-61802-5 |
| 040 | |aCaOODSP|bfre |
| 041 | |aeng |
| 041 | |afre |
| 043 | |an-cn--- |
| 086 | 1 |aC21-23/4 |
| 110 | 1 |aCanada.|bIndustrie Canada. |bDirection de l'analyse micro-économique. |
| 245 | 10|aÉcarts hommes/femmes dans les programmes universitaires / |cpar Sid Gilbert et Alan Pomfret. |
| 260 | |aOttawa - Ontario : |bIndustrie Canada. |c1995. |
| 300 | |aTexte français, vi, 139p. : |bgraphiques, références, tableaux ; |c23 cm. |
| 490 | 1 |aDocument hors série|vN° 4, mars 1995 |
| 500 | |a«Le projet de recherche visait principalement les objectifs suivants: déterminer pourquoi les femmes choisissent plus souvent les lettres, les sciences humaines et les sciences appliquées de préférence aux sciences naturelles, au génie et aux disciplines connexes; examiner les relations existant entre les facteurs psychologiques ou motivationnels et le rendement dans la persévérance mise par les femmes à poursuivre leurs études en sciences naturelles et en génie; faire ressortir les répercussions des résultats de l'étude sur le Programme Bourses Canada (PBC).»--Résumé. |
| 520 | 3 |aLe projet de recherche visait principalement les objectifs suivants: déterminer pourquoi les femmes choisissent plus souvent les lettres, les sciences humaines et les sciences appliquées de préférence aux sciences naturelles, au génie et aux disciplines connexes; examiner les relations existant entre les facteurs psychologiques ou motivationnels et le rendement dans la persévérance mise par les femmes à poursuivre leurs études en sciences naturelles et en génie; faire ressortir les répercussions des résultats de l'étude sur le Programme Bourses Canada (PBC).--Résumé |
| 546 | |aBilingue |
| 563 | |aCouverture souple |
| 691 | 07|aUniversité|2gcpds |
| 691 | 07|aFemme|2gcpds |
| 720 | 1 |aGilbert, Sid |
| 720 | 1 |aPomfret, Alan |
| 776 | 0#|tÉcarts hommes/femmes dans les programmes universitaires : |w(CaOODSP)9.601436 |
| 776 | 0#|tGender tracking in university programs : |w(CaOODSP)9.570790 |
| 791 | |tGender tracking in university programs / |eeng|w(CaOODSP)9.525758 |
| 830 | #0|aDocument hors série (Canada. Industrie Canada)|vN° 4, mars 1995|w(CaOODSP)9.509051 |